| 000 | 00737nam a2200253 a 4500 | ||
|---|---|---|---|
| 001 | BRCA_5340 | ||
| 005 | 20190320205035.0 | ||
| 008 | 061210s1909----gw-a######---#000-0#ger-# | ||
| 041 | _ager | ||
| 044 | _agw | ||
| 050 | 4 |
_aND497 _b.H88 1909 |
|
| 100 | 1 |
_aHutton, Edward _913695 |
|
| 245 | 1 | 0 |
_aWilliam Hogarth _cvon Edward Hutton. |
| 260 |
_aBerlín, Alemania _bOtto Beckmann _c[1909] |
||
| 300 |
_a59 p. _bil. (algunas a color) _c31 cm. |
||
| 500 | _aIncluye índice de ilustraciones | ||
| 500 | _aEstado físico: Encuadernación deteriorada | ||
| 500 | _aE103 | ||
| 600 | 1 | 4 |
_aHogarth, William _d1697-1764 _913696 |
| 650 | 1 | 4 |
_aPintores ingleses _913697 |
| 650 | 1 | 4 |
_aGrabadores ingleses _913698 |
| 902 | _aGFM | ||
| 942 |
_2lcc _cB |
||
| 999 |
_c5034 _d5034 |
||